|
|
|
|
| LEADER |
00000nam a2200000Ii 4500 |
| 001 |
DIGUNAU0018 |
| 003 |
NyNyDIG |
| 006 |
m o d |
| 007 |
cr ||||||||||| |
| 008 |
130301s2011 ck ob 000 0 spa d |
| 020 |
|
|
|z 9588366283
|
| 020 |
|
|
|z 9789588366289
|
| 035 |
|
|
|a (OCoLC)843455070
|
| 040 |
|
|
|a DGITA
|b eng
|e pn
|c DGITA
|
| 043 |
|
|
|a cl-----
|
| 050 |
1 |
4 |
|a PQ7082.N7 eBook
|
| 100 |
1 |
|
|a Estrada Villa, Armando.
|
| 245 |
1 |
0 |
|a Novela y poder en América Latina /
|c Armando Estrada Villa.
|
| 250 |
|
|
|a 1. ed.
|
| 264 |
|
1 |
|a Medellín, Colombia :
|b Ediciones Universidad Autónoma Latinoamericana (UNAULA),
|c 2011.
|
| 300 |
|
|
|a 1 online resource (273 pages).
|
| 336 |
|
|
|a text
|b txt
|2 rdacontent
|
| 337 |
|
|
|a computer
|b c
|2 rdamedia
|
| 338 |
|
|
|a online resource
|b cr
|2 rdacarrier
|
| 490 |
1 |
|
|a Tierra baldía.
|
| 504 |
|
|
|a Includes bibliographical references (p. 269).
|
| 650 |
|
0 |
|a Spanish American fiction
|x History and criticism.
|
| 650 |
|
0 |
|a Labor in literature.
|
| 650 |
|
0 |
|a Power (Social sciences) in literature.
|
| 650 |
|
0 |
|a Literature and society
|z Latin America.
|
| 655 |
|
0 |
|a Electronic books.
|
| 791 |
2 |
|
|a Digitalia (Firm),
|e distributor.
|
| 830 |
|
0 |
|a Tierra baldía.
|
| 793 |
0 |
|
|g Digitalia eBook Collection:
|a Ediciones UNAULA.
|
| 856 |
4 |
0 |
|3 Digitalia Hispánica
|u https://www.digitaliapublishing.com/a/17425/
|
| 910 |
|
|
|a Premium Collection: 2007-2012
|